|
|
|
|
| LEADER |
00000nab a2200000 a 4500 |
| 001 |
vtls000543645 |
| 003 |
SK-MaSNL |
| 005 |
20260304090327.0 |
| 008 |
250425c1994 xo 0 slo |
| 015 |
|
|
|a SNBRB19rr/mm-uuuuu
|
| 035 |
|
|
|a CL0543783
|
| 035 |
|
|
|a urn:nbn:sk:snk-abdsn
|
| 035 |
|
|
|a (urnnbn)urn:nbn:sk:snk:ar-a047o3
|
| 035 |
|
|
|a (uuid)92fb0394-aabf-4fb5-83a9-63109c041ae8
|
| 040 |
|
|
|a SNKBUCL
|b slo
|c SNKBUCL
|e AACR2
|
| 041 |
0 |
|
|a eng
|
| 044 |
|
|
|a xo
|c SK
|
| 080 |
|
|
|a 537.62:621.318
|2 1981
|
| 080 |
|
|
|a 621.318
|2 1981
|
| 100 |
1 |
|
|a Binek, Ch.
|4 aut
|9 1381168
|
| 245 |
1 |
0 |
|a Phenomenological analysis of the temperature dependent magnetic susceptibility within the field-induced Griffiths phase of FeCl2
|c Ch. Binek, W. Kleemann
|
| 300 |
|
|
|b Grafy 3, tab. 1, lit. 18 zázn. v angl., nem.
|
| 650 |
0 |
7 |
|a antiferomagnety
|2 snkbucl
|9 1381169
|
| 650 |
0 |
7 |
|a susceptibilita magnetická
|2 snkbucl
|9 922965
|
| 655 |
|
7 |
|a články z novín a časopisov
|2 snkbucl
|9 267496
|
| 700 |
1 |
|
|a Kleemann, W.
|4 aut
|9 1358084
|
| 773 |
0 |
|
|t Acta physica slovaca
|g Roč. 44, č. 4-5 (1994), s. 435-443
|x 0323-0465
|
| 850 |
|
|
|a Slovenská národná knižnica
|
| 852 |
|
|
|a Slovenská národná knižnica
|
| 958 |
|
|
|a article27
|
| 958 |
|
|
|a RK
|
| 958 |
|
|
|a NB
|
| 958 |
|
|
|a DE
|
| 958 |
|
|
|a OND
|
| 958 |
|
|
|a EUIPO
|
| 992 |
|
|
|a RBX
|
| 999 |
|
|
|c 2811113
|d 2813043
|